000 00539nam a2200193Ia 4500
005 20250326141629.0
008 250326s9999 xx 000 0 und d
037 _aTextbook
040 _aFMSL
_beng
_cFMSL
041 _aeng
_2eng
084 _qFMSL
100 _aIndia Govt OF .....
245 0 _aDemands for grants of control Government : Public Enterprises Survey 1987-88
_cIndia Govt OF .....
260 _aGovt.
_bGovt., of India
_c1988
300 _a276p
490 _vVol. I
942 _cTB
999 _c1291220
_d1291220